| 000 | 00511nam a2200193Ia 4500 | ||
|---|---|---|---|
| 003 | OSt | ||
| 005 | 20250701094805.0 | ||
| 008 | 210210b1991 xxu||||| |||| 00| 0 eng d | ||
| 040 | _cAL | ||
| 041 | _aKannada | ||
| 082 | _aK894.3 NAGT | ||
| 100 |
_aNAGARAJ (T S) _dನಾಗರಾಜ್ (ಟಿ ಎಸ್) _9216671 |
||
| 245 |
_aTrapti _bತೃಪ್ತಿ |
||
| 260 |
_aBengaluru _bGitanjali Pablikeshans _c1991 |
||
| 300 | _a168 | ||
| 690 |
_aKannada Fiction _9216672 |
||
| 906 | _a045265 | ||
| 942 |
_2ddc _cBK |
||
| 999 |
_c94667 _d94667 |
||